000 00288nam a22001217a 4500
008 171013b xxu||||| |||| 00| 0 eng d
041 _aeng
080 _a316
100 _a50
101 _aSOC
245 _aMARRIAGE AND INEQUALITY IN CLASSLESS SOCIETIES
_cCOLLIER, J.F
942 _2udc
_cBK
999 _c33604
_d33604